Podnikatelské svazy opět na pořadu dne

Bibliographic Details
Main Author: Stibral, Vlastimil (Author)
Format: Article
Language:Slovak
Czech
Subjects:

MARC

LEADER 00000nab a2200000 a 4500
001 vtls000400562
003 SK-MaSNL
005 20260304075827.0
008 250424c1990 xo 0 slo
015 |a SNBRB19rr/mm-uuuuu 
035 |a CL0400686 
035 |a urn:nbn:sk:snk-ab2ja6 
035 |a (urnnbn)urn:nbn:sk:snk:ar-a02htc 
035 |a (uuid)54cbce53-ae54-4dad-a5ff-a5b6d86f855f 
040 |a SNKBUCL  |b slo  |c SNKBUCL  |e AACR2 
041 0 |a cze 
044 |a xo  |c SK 
080 |a 334.7  |2 1981 
080 |a 658.11  |2 1981 
080 |a 061.25  |2 1981 
100 1 |a Stibral, Vlastimil  |4 aut  |9 1366576 
245 1 0 |a Podnikatelské svazy opět na pořadu dne  |c Vlastimil Stibral 
650 0 7 |a zväzy podnikateľské  |2 snkbucl  |9 898002 
655 7 |a články z novín a časopisov  |2 snkbucl  |9 267496 
773 0 |t Ekonomika stavebníctva  |g Roč. 25, č. 7 (1990), s. 199-203 
850 |a Slovenská národná knižnica 
852 |a Slovenská národná knižnica 
954 |a odborná, vedecká literatúra cudzojazyčná (svetová)  |2 lita 
958 |a article27 
958 |a RK 
958 |a CZ 
958 |a OND 
958 |a EUIPO 
992 |a RBX 
999 |c 2783513  |d 2785443